Statistiken für Deutsche Fernsehsender

Klicken Sie hier um das Quiz zu spielen!

Allgemein

  • Dieses Quiz wurde 3.232 mal gespielt
    (2.862 seit der letzten Aktualisierung)
  • Das Durchschnittsergebnis liegt bei 23 aus 42

Antwortstatistiken

TV-Sender% Korrekt
ARD
99%
RTL
99%
ZDF
99%
Pro7
95%
Sat1
93%
RTL 2
89%
Super RTL
86%
Kinderkanal
83%
Norddeutscher Rundfunk
83%
Vox
80%
Westdeutscher Rundfunk
80%
Bayerischer Rundfunk
79%
Kabel 1
76%
arte
73%
Südwestdeutscher Rundfunk
69%
Mitteldeutscher Rundfunk
61%
Sport1
61%
Nickelodeon
58%
Hessischer Rundfunk
57%
ZDF Neo
54%
Eurosport
52%
DMAX
50%
Pro7MAXX
48%
Rundfunk Berlin Brandenburg
47%
N-TV
46%
MTV
42%
3SAT
41%
Welt
41%
Sat1 Gold
39%
Disney Channel
38%
Phoenix
37%
RTL Nitro
34%
SIXX
34%
Tele5
33%
ZDF Info
29%
Comedy Central
26%
Servus TV
26%
One
20%
Tagesschau24
18%
Bild TV
15%
ARD alpha
14%
Kabel 1 Doku
7%

Verteilung der Resultate

Perzentil nach korrekt beantworteten Fragen

Anzahl Personen mit jedem Resultat

Ihre Resultats-Entwicklung

Sie haben dieses Quiz seit der letzten Aktualisierung nicht gespielt